Carregant...

The cambridge natural history (mollusca & brachiopeds) /

Dades bibliogràfiques
Autor principal: ShipleyA E
Format: Printed Book
Idioma:English
Publicat: Weldon and Wesley c1968.
Edició:4th ed.
LEADER 00404nam a2200121Ia 4500
008 130611s9999 xx 000 0 eng d
100 |a ShipleyA E  
245 |a The cambridge natural history (mollusca & brachiopeds) / 
250 |a 4th ed. 
260 |b Weldon and Wesley  |c c1968. 
942 |c BK 
999 |c 125986  |d 125986 
952 |0 0  |1 0  |4 0  |7 0  |9 139361  |a ZOO  |b ZOO  |c ST1  |d 2013-06-11  |h Vol.3  |l 0  |p ZOO693  |r 2013-06-11  |w 2013-06-11  |y BK